| 000 | 00602nam a2200193 a 4500 | ||
|---|---|---|---|
| 005 | 20240806064139.0 | ||
| 008 | 010904s1999 r 000 0 eng d | ||
| 020 | _a9508920718 | ||
| 035 | _aUPN01000110949 | ||
| 049 | _aCG | ||
| 050 | 4 |
_aRJ507 H3.5 _bS3.2 |
|
| 100 | 1 | _aSchorn, Marta E. | |
| 245 | 1 | 0 |
_aDiscapacidad : _buna mirada distinta, una escucha diferente : _breflexiones psicológicas y psicoanalíticas / _cMarta Schron. |
| 260 |
_aBuenos Aires : _bLugar, _cc1999. |
||
| 300 | _a189 p. | ||
| 650 | 4 |
_aNiños con discapacidad mental _93820 |
|
| 650 | 4 |
_aPsicoanálisis _91572 |
|
| 905 | _aLibro | ||
| 999 |
_c84858 _d84858 |
||